| Tag |
First Indicator |
Second Indicator |
Subfields |
| LEADER |
00000cam a2200000 a 4500 |
| 001 |
in00001022016 |
| 005 |
20150928122631.0 |
| 008 |
911016m19919999enka b 001 0 eng d |
| 020 |
|
|
|a 0124605257
|
| 035 |
|
|
|a (OCoLC)24571451
|
| 035 |
|
|
|9 AFG3387AM
|
| 040 |
|
|
|a CIN
|c CIN
|d NRC
|d TXA
|d UtOrBLW
|
| 049 |
|
|
|a TXAM
|
| 090 |
|
|
|a QD506
|b .L95 1991
|
| 100 |
1 |
|
|a Lyklema, J.
|
| 245 |
1 |
0 |
|a Fundamentals of interface and colloid science /
|c J. [as printed] Hans Lyklema.
|
| 264 |
|
1 |
|a London ;
|a San Diego :
|b Academic Press,
|c [1991-]
|
| 264 |
|
4 |
|c ©1991-
|
| 300 |
|
|
|a volumes :
|b illustrations ;
|c 26 cm.
|
| 336 |
|
|
|a text
|b txt
|2 rdacontent
|
| 337 |
|
|
|a unmediated
|b n
|2 rdamedia
|
| 338 |
|
|
|a volume
|b nc
|2 rdacarrier
|
| 504 |
|
|
|a Includes bibliographical references and index.
|
| 505 |
0 |
|
|a v. 1. Fundamentals / with special contributions by H.P. van Leeuwen (chapter 6), T. van Vliet (chapter 6), A.-M. Cazabat (chapter 7)-- v. 2. Solid-liquid interfaces / with special contributions by A. de Keizer (chapter 3), B.H. Bijsterbosch (chapter 4), G.J. Fleer and M.A. Cohen Stuart (chapter 5) -- v. 3. Liquid-fluid interfaces / with contributions from G.J. Fleer, J.M. Kleijn, F.A.M. Leermakers, W. Norde, T. van Vliet.
|
| 650 |
|
0 |
|a Colloids.
|
| 650 |
|
0 |
|a Chemistry, Physical and theoretical.
|
| 700 |
1 |
|
|a Leeuwen, H. P. van.
|
| 700 |
1 |
|
|a Vliet, M. van
|q (Martina)
|
| 700 |
1 |
|
|a Cazabat, A. M.
|q (Anne-Marie)
|
| 999 |
|
|
|a MARS
|
| 999 |
f |
f |
|s 7b635395-059a-3f17-bfe6-33c5240100bd
|i 3b4a4208-d69e-3131-bd59-165bc06e4754
|t 0
|
| 952 |
f |
f |
|p ric
|a Texas A&M University
|b Rellis Campus
|c Joint Library Facility
|s JLF
|d Remote Storage
|t 0
|e QD506 .L95 1991
|h Library of Congress classification
|i unmediated -- volume
|k v.1
|m A14833589331
|
| 952 |
f |
f |
|p ric
|a Texas A&M University
|b Rellis Campus
|c Joint Library Facility
|s JLF
|d Remote Storage
|t 0
|e QD506 .L95 1991
|h Library of Congress classification
|i unmediated -- volume
|k v.3
|m A14828037395
|
| 952 |
f |
f |
|p ric
|a Texas A&M University
|b Rellis Campus
|c Joint Library Facility
|s JLF
|d Remote Storage
|t 0
|e QD506 .L95 1991
|h Library of Congress classification
|i unmediated -- volume
|k v.2
|m A14819898166
|
| 998 |
f |
f |
|a QD506 .L95 1991
|s v.1-v.3
|t 0
|l Remote Storage
|